000 00443nam a2200169Ia 4500
008 230917s9999||||xx |||||||||||||| ||und||
020 _cRS995
040 _e241216
_aMAIN
041 _aEnglish
082 _a658.3 S23H
100 _aSharma, Sandhir
245 0 _aHuman Resource Development
260 _aNew Delhi
_bMaxford Books
_c2009
300 _av, 296 p.
500 _a2783 20/07/2017 RBP17/66865 20/07/2017 IHTM (SFS)
942 _cBK
999 _c23216
_d23216